000 00760nam a2200265Ia 4500
001 21627
005 20260320113259.0
008 260320s9999||||xx |||||||||||||| ||und||
020 _a9786124049668
041 _aESP
082 _a467
_bC28
100 _aCarpio Muñoz, Juan Guillermo,
_eAUT
245 0 _a Arequipeñismos
_b
246 _a
_5
_b
250 _aSegunda edición
260 _aArequipa :
_bAdrus,
_c2012
300 _a283 páginas :
_bilustraciones ;
_c16 cm.
_e
440 _a
_n
_v
650 _aLEN
653 _aVariaciónes históricas de la lengua
654 _aCHU
700 _a
_c
856 _uhttps://go-gale-com.ucsp.lookproxy.com/ps/start.do?p=IFME&u=ucsp
_zVéase además: Base de datos Gale
942 _cLIB
_dJUS
_fMIP
_2ddc
_n
999 _c21627
_d21627